Statistics for Top 10 Baltimore Orioles of All-Time

Click here to take the quiz!

General Stats

  • This quiz has been taken 2,131 times
  • The average score is 5 of 10

Answer Stats

WARYearsPositionAnswer% Correct
92.51981-2001SSCal Ripken
99%
80.21955-19773BBrooks Robinson
87%
56.61965-1984PJim Palmer
76%
56.71977-1988, 19961BEddie Murray
68%
46.71991-2000PMike Mussina
60%
40.11961-19741BBoog Powell
43%
50.11915-1922, 1924-19271BGeorge Sisler
15%
38.51918-1927OFKen Williams
6%
41.71902-1916SSBobby Wallace
4%
39.21934-19433BHarlond Clift
3%

Score Distribution

Percentile by Number Answered

Percent of People with Each Score

Your Score History

You have not taken this quiz